| 000 | 00433nam a22001577a 4500 | ||
|---|---|---|---|
| 008 | 250605b |||||||| |||| 00| 0 eng d | ||
| 020 | _a8180613356 | ||
| 050 |
_aQD 416.3 _b.G 87 |
||
| 100 | _aGupta RC | ||
| 245 | _aMultiple choice questions in bio chemistry | ||
| 250 | _a2nd | ||
| 260 |
_aNew Delhi _bJaypee brother's medical publisher limited _c2004 |
||
| 300 | _a218p | ||
| 650 | _aProblems, exercise, examination | ||
| 942 | _cBK | ||
| 999 |
_c3800 _d3800 |
||